000 00413nam a2200181Ia 4500
008 240510s9999 xx 000 0 und d
041 _aEng
082 _a005.7575
082 _bM11
100 _aMCCULLOUGH C.
245 0 _aORACLE 8 FOR DUMMIES :( With CD)
260 _bNEW DELHI : COMDEX
260 _c1997
300 _a356 p.
650 _aDATABASE SYSTEMS : ORACLE
942 _2ddc
942 _cLBK
999 _c24304
_d24304
945 _a1
_bMadushi Gamage
_c1
_dMadushi Gamage